Depression : (Record no. 295574)
[ view plain ]
| 000 -LEADER | |
|---|---|
| fixed length control field | 01588cam a2200301 i 4500 |
| 001 - CONTROL NUMBER | |
| control field | 18112511 |
| 003 - CONTROL NUMBER IDENTIFIER | |
| control field | PILC |
| 005 - DATE AND TIME OF LATEST TRANSACTION | |
| control field | 20160602140305.0 |
| 008 - FIXED-LENGTH DATA ELEMENTS--GENERAL INFORMATION | |
| fixed length control field | 140411s2014 mdua b 001 0 eng |
| 010 ## - LIBRARY OF CONGRESS CONTROL NUMBER | |
| LC control number | 2014014437 |
| 020 ## - INTERNATIONAL STANDARD BOOK NUMBER | |
| International Standard Book Number | 9780810883871 (hardback : alk. paper) |
| 020 ## - INTERNATIONAL STANDARD BOOK NUMBER | |
| International Standard Book Number | 9780810883888 (ebook) |
| 040 ## - CATALOGING SOURCE | |
| Original cataloging agency | DLC |
| Language of cataloging | eng |
| Transcribing agency | DLC |
| Description conventions | rda |
| Modifying agency | DLC |
| 042 ## - AUTHENTICATION CODE | |
| Authentication code | pcc |
| 050 00 - LIBRARY OF CONGRESS CALL NUMBER | |
| Classification number | RJ 506.D4 |
| Item number | .Sc39 2014 |
| 082 00 - DEWEY DECIMAL CLASSIFICATION NUMBER | |
| Classification number | 616.85/2700835 |
| 100 1# - MAIN ENTRY--PERSONAL NAME | |
| Personal name | Schwartz, Tina P., |
| Dates associated with a name | 1969- |
| 245 10 - TITLE STATEMENT | |
| Title | Depression : |
| Remainder of title | the ultimate teen guide / |
| Statement of responsibility, etc | Tina P. Schwartz. |
| 260 ## - PUBLICATION, DISTRIBUTION, ETC. (IMPRINT) | |
| Place of publication, distribution, etc | Maryland : |
| Name of publisher, distributor, etc | Rowman & Littlefield, |
| Date of publication, distribution, etc | 2014. |
| 300 ## - PHYSICAL DESCRIPTION | |
| Extent | xiv, 180 pages : |
| Other physical details | illustrations ; |
| Dimensions | 27 cm. |
| 490 0# - SERIES STATEMENT | |
| Series statement | It happened to me |
| 500 ## - GENERAL NOTE | |
| General note | Includes bibliographical references and index. |
| 505 0# - FORMATTED CONTENTS NOTE | |
| Formatted contents note | Warning signs and symptoms -- External (or situational) triggers of your depression -- Internal (or biochemical) triggers of your depression -- Other mood disorders (depression-related illnesses) -- Unhealthy coping mechanisms -- Relationships and how to preserve them with depression -- Siblings of those with depression -- When a parent has depression -- How various subgroups deal with depression -- Caregivers: how they can seek help for themselves -- Healthy coping mechanisms -- Success stories: young adults who battle depression successfully. |
| 650 #0 - SUBJECT ADDED ENTRY--TOPICAL TERM | |
| Topical term or geographic name as entry element | Depression in adolescence |
| Form subdivision | Popular works. |
| 906 ## - LOCAL DATA ELEMENT F, LDF (RLIN) | |
| a | 7 |
| b | cbc |
| c | orignew |
| d | 1 |
| e | ecip |
| f | 20 |
| g | y-gencatlg |
| 942 ## - ADDED ENTRY ELEMENTS (KOHA) | |
| Source of classification or shelving scheme | Library of Congress Classification |
| Koha item type | Books |
| Withdrawn status | Lost status | Source of classification or shelving scheme | Damaged status | Home library | Current library | Shelving location | Date acquired | Source of acquisition | Sub Shelving location | Total Checkouts | Total Renewals | Full call number | Barcode | Date last seen | Date checked out | Price effective from | Koha item type |
|---|---|---|---|---|---|---|---|---|---|---|---|---|---|---|---|---|---|
| Library of Congress Classification | College Library | College Library | Graduate Section | 06/02/2016 | Library Fund | 4 | 1 | RJ 506.D4 .Sc39 2014 | C20576 | 10/26/2019 | 10/19/2019 | 06/02/2016 | Books |